[Event "RSA-ch U10 Girls"]
[Site "Bloemfontein"]
[Date "2016.03.23"]
[Round "7"]
[White "Bruintjies, Hailey Carla"]
[Black "Jaap, Isabella"]
[Result "1-0"]
[WhiteElo "884"]
[BlackElo "664"]
[PlyCount "33"]
[EventDate "2016.03.20"]
[EventType "swiss"]
[EventRounds "11"]
[EventCountry "RSA"]
[SourceTitle "CBM 171 Extra"]
[Source "ChessBase"]
[SourceDate "2016.04.26"]
[SourceVersion "1"]
[SourceVersionDate "2016.04.26"]
[SourceQuality "1"]

1. e4 e5 2. Nf3 d6 3. Nc3 h6 4. h3 Nf6 5. Bc4 Nc6 6. d3 Be6 7. Nd5 a6 8. Be3 Na5 9. Qd2 Nxc4 10. dxc4 c6 11. Bb6 Nxe4 12. Bxd8 Be7 13. Nc7+ Kxd8 14. Nxa8 Nxd2 15. Nxd2 f5 16. Rb1 Ke8 17. Nb6 1-0

[Event "RSA-ch U10 Girls"]
[Site "Bloemfontein"]
[Date "2016.03.20"]
[Round "1"]
[White "Malapela, Tumisho"]
[Black "Jaap, Isabella"]
[Result "0-1"]
[WhiteElo "890"]
[BlackElo "664"]
[PlyCount "20"]
[EventDate "2016.03.20"]
[EventType "swiss"]
[EventRounds "11"]
[EventCountry "RSA"]
[SourceTitle "CBM 171 Extra"]
[Source "ChessBase"]
[SourceDate "2016.04.26"]
[SourceVersion "1"]
[SourceVersionDate "2016.04.26"]
[SourceQuality "1"]

1. e4 e5 2. Nc3 Nf6 3. Nf3 Bc5 4. Nxe5 Nc6 5. Nxc6 dxc6 6. Bc4 0-0 7. e5 Re8 8. e6 Bxe6 9. Bd3 Bg4+ 10. Ne4 Bxd1 0-1